[Event "GER HS-177 email"]
[Site "GER email"]
[Date "2014.12.07"]
[Round "?"]
[White "Preussner, Michael"]
[Black "Hermannsdoerfer, Frank"]
[Result "1/2-1/2"]
[WhiteElo "1862"]
[BlackElo "1774"]
[PlyCount "54"]
[EventDate "2014.12.19"]
[EventType "tourn (corr)"]
[EventRounds "6"]
[EventCountry "GER"]
[SourceTitle "Corr 2020"]
[Source "ChessBase"]
[SourceDate "2019.09.30"]
[SourceVersion "1"]
[SourceVersionDate "2019.09.30"]
[SourceQuality "1"]

1. d4 e6 2. e4 d5 3. Nc3 Nc6 4. e5 f6 5. Nf3 fxe5 6. dxe5 Bc5 7. Na4 Bb6 8. a3 Nge7 9. c4 dxc4 10. Qxd8+ Nxd8 11. Nxb6 axb6 12. Bxc4 Bd7 13. 0-0 Bc6 14. Nd4 Bd5 15. Nb5 Rc8 16. Be2 Ndc6 17. Bd2 0-0 18. Rac1 Nf5 19. Bc3 Nce7 20. Rfd1 c6 21. Nd4 Nxd4 22. Rxd4 c5 23. Rg4 Bb3 24. Re1 Ng6 25. Bf3 Bd5 26. Be2 Bb3 27. Bf3 Bd5 1/2-1/2

[Event "Lueneburg op"]
[Site "Lueneburg"]
[Date "2014.08.13"]
[Round "5"]
[White "Colpe, Malte"]
[Black "Hermannsdoerfer, Frank"]
[Result "1-0"]
[WhiteElo "2343"]
[BlackElo "2241"]
[PlyCount "49"]
[EventDate "2014.08.09"]
[EventType "swiss"]
[EventRounds "9"]
[EventCountry "GER"]
[SourceTitle "CBM 161 Extra"]
[Source "ChessBase"]
[SourceDate "2014.08.29"]
[SourceVersion "1"]
[SourceVersionDate "2014.08.29"]
[SourceQuality "1"]

1. d4 d6 2. e4 Nf6 3. Nc3 c6 4. Nf3 Bg4 5. h3 Bh5 6. Qe2 e6 7. g4 Bg6 8. h4 h5 9. g5 Nfd7 10. Bf4 Be7 11. 0-0-0 Qa5 12. Kb1 b5 13. Qe3 b4 14. Ne2 Nb6 15. Nc1 d5 16. Bxb8 Rxb8 17. Ne5 Bxe4 18. Bd3 Rc8 19. Nb3 Qa4 20. Bxe4 dxe4 21. Qxe4 g6 22. Rhe1 Nd5 23. Rd3 Rc7 24. Rf3 Rf8 25. Nxf7 1-0

[Event "Oberliga Ost-B 1314"]
[Site "Germany"]
[Date "2014.03.16"]
[Round "9.3"]
[White "Hermannsdoerfer, Frank"]
[Black "Schlamp, Robert"]
[Result "1-0"]
[WhiteElo "2228"]
[BlackElo "2309"]
[PlyCount "67"]
[EventDate "2013.10.13"]
[EventType "team-tourn"]
[EventRounds "11"]
[EventCountry "GER"]
[SourceTitle "EXT 2015"]
[Source "ChessBase"]
[SourceDate "2014.11.20"]
[SourceVersion "1"]
[SourceVersionDate "2014.11.20"]
[SourceQuality "1"]
[WhiteTeam "Liebschwitz"]
[BlackTeam "Oberursel"]
[WhiteTeamCountry "GER"]
[BlackTeamCountry "GER"]

1. b3 e5 2. Bb2 Nc6 3. e3 Nf6 4. Bb5 d6 5. Ne2 a6 6. Bxc6+ bxc6 7. 0-0 Be7 8. f4 exf4 9. Nxf4 Bg4 10. Qe1 Qd7 11. e4 Rg8 12. d4 g5 13. Nd3 Rg6 14. Nd2 Nh5 15. Qe3 Nf4 16. Rf2 Nxd3 17. Qxd3 d5 18. Raf1 Be6 19. c4 g4 20. Rc1 Bh4 21. g3 Bg5 22. Re1 Kd8 23. Rfe2 Kc8 24. cxd5 cxd5 25. exd5 Bxd5 26. Nc4 Re6 27. Ne5 Qb5 28. Qf5 Bd8 29. Nxf7 Kb7 30. Rxe6 Bxe6 31. Qxe6 Ka7 32. Ba3 Qa5 33. Bc5+ Kb7 34. Qe4+ 1-0

[Event "GER HS-161 email"]
[Site "GER email"]
[Date "2014.03.03"]
[Round "?"]
[White "Matrisch, Gerd"]
[Black "Hermannsdoerfer, Frank"]
[Result "0-1"]
[WhiteElo "1720"]
[BlackElo "1739"]
[PlyCount "52"]
[EventDate "2014.03.10"]
[EventType "tourn (corr)"]
[EventRounds "6"]
[EventCountry "GER"]
[SourceTitle "Corr 2015"]
[Source "ChessBase"]
[SourceDate "2015.07.17"]
[SourceVersion "1"]
[SourceVersionDate "2015.07.17"]
[SourceQuality "1"]

1. c4 e5 2. Nc3 d6 3. e3 f5 4. d4 Nf6 5. dxe5 dxe5 6. Qxd8+ Kxd8 7. b3 c6 8. Bb2 Kc7 9. Be2 e4 10. 0-0-0 Be6 11. Nh3 Nbd7 12. Nf4 Bf7 13. h4 Be7 14. Rd2 Rad8 15. Rhd1 Nc5 16. Rd4 h6 17. Kc2 g5 18. hxg5 hxg5 19. Nh3 Ne6 20. Rxd8 Rxd8 21. Rxd8 Kxd8 22. f4 exf3 23. gxf3 g4 24. fxg4 fxg4 25. Ng1 Nc5 26. b4 Bg6+ 0-1

[Event "Oberliga Ost-B 1314"]
[Site "Germany"]
[Date "2014.02.23"]
[Round "8.2"]
[White "Hermannsdoerfer, Frank"]
[Black "Klundt, Klaus"]
[Result "1-0"]
[WhiteElo "2228"]
[BlackElo "2350"]
[PlyCount "79"]
[EventDate "2013.10.13"]
[EventType "team-tourn"]
[EventRounds "11"]
[EventCountry "GER"]
[SourceTitle "EXT 2015"]
[Source "ChessBase"]
[SourceDate "2014.11.20"]
[SourceVersion "1"]
[SourceVersionDate "2014.11.20"]
[SourceQuality "1"]
[WhiteTeam "Liebschwitz"]
[BlackTeam "Heusenstamm"]
[WhiteTeamCountry "GER"]
[BlackTeamCountry "GER"]

1. b3 e5 2. Bb2 Nc6 3. e3 Nf6 4. Bb5 Bd6 5. Na3 Na5 6. Be2 a6 7. c4 0-0 8. Nc2 Nc6 9. d3 Re8 10. g4 Kh8 11. g5 Ng8 12. Nf3 Bf8 13. h4 d6 14. Qd2 b5 15. 0-0-0 bxc4 16. dxc4 a5 17. Qd5 Nge7 18. Qxf7 Bf5 19. h5 Qc8 20. Nh4 Be6 21. Qf3 Nb4 22. Qe4 Nf5 23. Nxb4 Nxh4 24. Nd5 Nf5 25. h6 a4 26. b4 Rb8 27. a3 c6 28. Nc3 gxh6 29. gxh6 Bxh6 30. Rxh6 Nxh6 31. Qh4 Ng8 32. Rxd6 Bf5 33. c5 Qc7 34. e4 Bc8 35. f4 Qg7 36. f5 Rb7 37. Bc4 Rd7 38. f6 Qg1+ 39. Kc2 Rxd6 40. cxd6 1-0

[Event "GER HS-160 email"]
[Site "GER email"]
[Date "2014.02.14"]
[Round "?"]
[White "Borchert, Stephan"]
[Black "Hermannsdoerfer, Frank"]
[Result "1-0"]
[WhiteElo "1884"]
[BlackElo "1739"]
[PlyCount "107"]
[EventDate "2014.02.21"]
[EventType "tourn (corr)"]
[EventRounds "6"]
[EventCountry "GER"]
[SourceTitle "Corr 2015"]
[Source "ChessBase"]
[SourceDate "2015.07.17"]
[SourceVersion "1"]
[SourceVersionDate "2015.07.17"]
[SourceQuality "1"]

1. e4 d6 2. d4 g6 3. Nc3 Bg7 4. Be3 a6 5. h4 Nf6 6. Be2 h5 7. Nh3 Nc6 8. f3 Bxh3 9. Rxh3 0-0 10. Qd2 e5 11. dxe5 dxe5 12. 0-0-0 Qxd2+ 13. Rxd2 Rfd8 14. Rh1 Rxd2 15. Bxd2 Nd4 16. Bd3 Rd8 17. Rd1 b5 18. Bf1 Kh7 19. Be1 c6 20. a4 Ne8 21. Na2 Bf8 22. Nb4 bxa4 23. Nxa6 a3 24. bxa3 Bxa3+ 25. Kb1 Rd7 26. Ka2 Bd6 27. c3 Ne6 28. Bc4 Ra7 29. Kb2 Kg7 30. Nb4 Rc7 31. Bxe6 fxe6 32. Nd3 Nf6 33. Kc2 Nd7 34. Bf2 Be7 35. Nb2 Kf7 36. Nc4 Kg7 37. Ra1 Rb7 38. g3 Rc7 39. Be3 Bf8 40. Ra5 Kf6 41. Bg5+ Kf7 42. Bd8 Rc8 43. Bb6 Kg8 44. Be3 Kf7 45. g4 c5 46. Bh6 Rd8 47. Bd2 Be7 48. g5 Bf8 49. Ra7 Ke8 50. Be1 Rb8 51. Bg3 Bg7 52. Bf2 Bf8 53. Rc7 Rd8 54. Bg3 1-0